00388nam a2200157Ia 45000010006000000050017000060080041000230410008000640820015000721000035000872450055001222600009001773000028001866500008002146540008002221952020260306172659.0260306t2012||||xx |||||||||||||| ||spa|| aESP a340.1bH46 aHerrera, Daniel AlejandroeAUT 0aLa persona y el fundamento de los derechos humanos c2012 a549 páginas :c23 cm. aGEN aCDE